000 00597nam a2200241 a 4500
001 nice12345678
003 IN_TiNIC
005 20260116011421.0
008 050524s1920 newa grp 000 0 eng
020 _a
_c32
082 0 0 _a211
_bPRI
100 _aPringle-Pattison, A S
245 _aIdea of God in the Light of Recent Philosophy
260 _aNew York
_bOxford University Press
_c1920
300 _a443p
500 _aincludes index and biblioraphy
505 2 _aIndexes
650 _aGod
700 1 _aPringle-Pattison, A S
902 _bSRS
942 _cBK
999 _c1350
_d1350